| 000 | 00750nam a2200193Ia 4500 | ||
|---|---|---|---|
| 005 | 20250508160415.0 | ||
| 008 | 008 250505s9999 xx 000 0 eng d | ||
| 037 | _aDissertations | ||
| 040 |
_aFEDL _beng _cFEDL |
||
| 041 |
_aeng _2eng |
||
| 084 |
_a513.079 1, MUT/DI _qFEDL |
||
| 100 |
_aMutha Dineshwar Narain _9767226 |
||
| 245 | 0 | _aConstruction of programmed text on equations of circle (Co-Ordinate Geometry) for class xi of Jodhpur city and finding out experimentally its effectiveness on high and low achievers in mathematics as compared to class room teaching | |
| 260 | _c1968 | ||
| 300 | _a85p. | ||
| 546 | _aM.Ed. Dissertation (Delhi University) | ||
| 942 |
_cDIS _h513.079 1, MUT/DI |
||
| 999 |
_c1364429 _d1364429 |
||